LIBRARY & INFORMATION CENTRE, KCAET, TAVANUR

ONLINE PUBLIC ACCESS CATALOGUE (OPAC)

History of Fanny Burney / (Record no. 6934)

MARC details
000 -LEADER
fixed length control field 00385cam a2200157ua 4500
041 ## - LANGUAGE CODE
Language code of text/sound track or separate title eng
082 ## - DEWEY DECIMAL CLASSIFICATION NUMBER
Classification number 824
Item number HEM/HI
100 ## - MAIN ENTRY--AUTHOR NAME
Personal name Hemlow, Joyce .
245 ## - TITLE STATEMENT
Title History of Fanny Burney /
250 ## - EDITION STATEMENT
Edition statement 1 /
260 ## - PUBLICATION, DISTRIBUTION, ETC. (IMPRINT)
Place of publication London :
Name of publisher Oxford University Press ,
Year of publication 1958.
300 ## - PHYSICAL DESCRIPTION
Number of Pages 528 ; .
942 ## - ADDED ENTRY ELEMENTS (KOHA)
Koha item type Books
Holdings
Withdrawn status Lost status Damaged status Home library Current library Date acquired Cost, normal purchase price Full call number Accession Number Koha item type Public note
Withdrawn     KAUAET Sanskrit University 07/04/2012 42.00 824 6693 Books Transferred to Sanskrit University
free website counter